| Tag |
First Indicator |
Second Indicator |
Subfields |
| LEADER |
00000cam a2200000 a 4500 |
| 001 |
in00001402734 |
| 005 |
20151020052145.0 |
| 008 |
970724s1997 dcua f000 0 eng d |
| 010 |
|
|
|a gp 97066097
|
| 035 |
|
|
|a (OCoLC)37349769
|
| 035 |
|
|
|9 AHM2838AM
|
| 040 |
|
|
|d GPO
|d DLC
|d MvI
|d UtOrBLW
|
| 043 |
|
|
|a n-us---
|
| 074 |
|
|
|a 0325
|
| 086 |
0 |
|
|a D 101.2:C 76/6
|
| 245 |
0 |
0 |
|a Army contracting for the 21st century :
|b buying the Army's future.
|
| 246 |
3 |
0 |
|a Army contracting for the twenty first century
|
| 264 |
|
1 |
|a [Washington, D.C.?] :
|b Office of the Assistant Secretary of the Army (Procurement),
|c [1997]
|
| 300 |
|
|
|a 12 unnumbered pages :
|b color illustrations ;
|c 28 cm.
|
| 336 |
|
|
|a text
|b txt
|2 rdacontent
|
| 337 |
|
|
|a unmediated
|b n
|2 rdamedia
|
| 338 |
|
|
|a volume
|b nc
|2 rdacarrier
|
| 500 |
|
|
|a Cover title.
|
| 500 |
|
|
|a "Prepared by the Office of the Assistant Secretary of the Army (Procurement) with the assistance of BRTRC"--P. [4] of cover.
|
| 500 |
|
|
|a Shipping list number: 97-0271-P.
|
| 500 |
|
|
|a "June 1997"--P. [4] of cover.
|
| 610 |
1 |
0 |
|a United States.
|b Army
|x Procurement.
|
| 710 |
1 |
|
|a United States.
|b Office of the Deputy Assistant Secretary of the Army (Procurement)
|
| 710 |
2 |
|
|a BRTRC Inc.
|
| 999 |
|
|
|a MARS
|
| 999 |
f |
f |
|s 78bc8347-1d41-394f-89ed-3de90afce4d7
|i 42937d14-8f65-358c-89cc-0fdac7dc460b
|t 0
|
| 952 |
f |
f |
|p normal
|a Texas A&M University
|b College Station
|c Sterling C. Evans Library
|d Evans: US Documents (Annex 5th floor)
|t 0
|e D 101.2:C 76/6
|h Superintendent of Documents classification
|i unmediated -- volume
|m A14821676685
|
| 998 |
f |
f |
|a D 101.2:C 76/6
|t 0
|l Evans: US Documents (Annex 5th floor)
|